000 005510000a22001810004500
003 MACL
005 20160212145003.0
008 160212b xxu||||| |||| 00| 0 eng d
040 _aMACL
_cMACL
041 _aHindi
082 _a320
100 _aकेनेडी जॅन एफ
_938010
245 _aविश्‍व-शान्ति की और
260 _bआत्‍माराम एण्‍ड संस
_c1965
_aनई दिल्‍ली
350 _a4.50
650 _aPolotical Science
_91991
942 _cHIN
_k320
_2ddc
999 _c25574
_d25574